000 00331nam a2200133Ia 4500
008 220613s9999||||xx |||||||||||||| ||und||
100 _aA ADAM
245 0 _aGRAINGER AND ALLISON DIAGNOSTIC RADIOLOGY A TEXTBOOK OF MEDICAL IMAGING
250 _a5TH
260 _bCHURCHILL
300 _a1807
650 _aRadiology
942 _cMEDI
999 _c8189
_d8189